000 00619nam#a22002415a#4500
001 2493
245 1 0 _aEl soneto :
_bensayo y antología /
_cJavier Audúriz.
250 _a1ª edic.
260 _aBuenos Aires :
_bEspacio Hudson,
_c2014.
300 _a128 p. ;
_c20 cm.
490 0 _aPoesía mayor
500 _aColección Juan Gelman.
020 _a9789875142800
100 1 _aAudúriz, Javier.
080 _a82-1
084 _aA24
653 _aPoesía Argentina
040 _aAR-ClEAG
_cAR-ClEAG
008 141104s2014####ag############000#0#und#d
005 20241107184746.0
003 AR-ClEAG
942 _cBK
999 _c2493
_d2493
980 _62
_aEvangelina Gallicchio
_82
_gEvangelina Gallicchio